Statistics for People on New Zealand Money by Picture

Click here to take the quiz!

General Stats

  • This quiz has been taken 6 times
  • The average score is 2 of 5

Answer Stats

Answer% Correct
Queen Elizabeth II
100%
Sir Ernest Rutherford
60%
Sir Edmund Hillary
40%
Kate Sheppard
0%
Sir Apirana Ngata
0%

Score Distribution

Percentile by Number Answered

Percent of People with Each Score

Your Score History

You have not taken this quiz